|
|
|
|
| LEADER |
00000nbm0a2200000 4500 |
| 001 |
324035 |
| 005 |
20231102003629.0 |
| 035 |
|
|
|a (RuTPU)RU\TPU\book\349624
|
| 090 |
|
|
|a 324035
|
| 100 |
|
|
|a 20161103d1979 k y0rusy50 ca
|
| 101 |
0 |
|
|a rus
|
| 102 |
|
|
|a RU
|
| 105 |
|
|
|a a m 001zy
|
| 200 |
1 |
|
|a Управление качеством электрической энергии в схемах электроснабжения угольных- разрезов КАТЭКа и режимы работы энергосистемы
|e диссертация на соискание ученой степени кандидата технических наук
|e спец. 05.14.02
|f В. В. Сокрустов
|g Томский политехнический институт (ТПИ) ; науч. рук. В. В. Борисов
|
| 210 |
|
|
|a Томск
|c [Б. и.]
|d 1979
|
| 215 |
|
|
|a 183 л.
|c ил.
|
| 320 |
|
|
|a Библиогр.: с. 170-180
|
| 606 |
1 |
|
|a Угольные карьеры
|x Электроснабжение
|2 stltpush
|3 (RuTPU)RU\TPU\subj\62633
|9 79702
|
| 610 |
1 |
|
|a электрическая энергия
|
| 610 |
1 |
|
|a качество
|
| 610 |
1 |
|
|a угольные разрезы
|
| 610 |
1 |
|
|a системы электроснабжения
|
| 610 |
1 |
|
|a режимы работы
|
| 610 |
1 |
|
|a напряжение
|
| 610 |
1 |
|
|a сетевые колебания
|
| 610 |
1 |
|
|a экскаваторы
|
| 610 |
1 |
|
|a временные ряды
|
| 610 |
1 |
|
|a анализ
|
| 610 |
1 |
|
|a диссертации
|
| 675 |
|
|
|a 622.333.012.3(04)
|v 4
|
| 686 |
|
|
|a 05.14.02
|2 oksvnk
|
| 700 |
|
1 |
|a Сокрустов
|b В. В.
|
| 702 |
|
1 |
|a Борисов
|b В. В.
|4 727
|
| 712 |
0 |
2 |
|a Томский политехнический институт (ТПИ)
|c (1944-1991)
|2 stltpush
|3 (RuTPU)RU\TPU\col\1123
|
| 801 |
|
1 |
|a RU
|b 63413507
|c 20161103
|
| 801 |
|
2 |
|a RU
|b 63413507
|c 20190620
|g RCR
|
| 942 |
|
|
|c BK
|